Εμπειρία ή ερμηνεία : το δίλημμα των μουσείων μοντέρνας τέχνης

Αποθηκεύτηκε σε:
Λεπτομέρειες βιβλιογραφικής εγγραφής
Κύριος συγγραφέας: Serota, Nicholas
Άλλοι συγγραφείς: Παππάς, Ανδρέας, 1950- (Μεταφραστής)
Μορφή: Βιβλίο
Γλώσσα:Greek
English
Δημοσίευση: Αθήνα : Άγρα, 1999.
Σειρά:Διαρκής εικόνα
Θέματα:
Ετικέτες: Προσθήκη ετικέτας
Δεν υπάρχουν, Καταχωρήστε ετικέτα πρώτοι!

MARC

LEADER 00000cam a2200000 i 4500
001 1/80446
008 050711s1999 gr | ||| |||| ||gre||
020 |a 9603253111 
020 |a 9789603253112 
035 |l 10079026 
040 |a GR-MyUA  |b gre  |e AACR2 
041 1 |a gre  |h eng 
082 7 |a 069.5   |2 (22) 
082 7 |a 708.009   |2 (23) 
100 1 |a Serota, Nicholas. 
245 1 0 |a Εμπειρία ή ερμηνεία :   |b το δίλημμα των μουσείων μοντέρνας τέχνης /   |c Nicholas Serota ; μετάφραση Ανδρέα Παππά.  
260 |a Αθήνα :   |b Άγρα,   |c 1999.  
300 |a 62 σ. :   |b εικ., πιν. ;   |c 21 εκ.  
490 1 |a (Διαρκής εικόνα) 
500 |a 28η διάλεξη στη μνήμη του Walter Neurath. 
500 |a Το παράρτημα Σύρου διαθέτει την 1η ανατύπωση του 2012. 
500 |a Τίτλος πρωτοτύπου: Experience or interpretation : the dilemma of museums of modern art.  
504 |a Περιέχει βιβλιογραφία (σ. 56-59).  
650 0 |a Art museums. 
650 0 |a Art, Modern  |y 20th century. 
650 0 |a Artists and museums. 
650 0 |a Art  |x Exhibition techniques. 
700 1 |a Παππάς, Ανδρέας,   |d 1950-  |e trl 
830 0 |a Διαρκής εικόνα 
852 |a INST  |b LESVOS  |e 20050711  |h 069.5 SER  |p 005100032061  |q 005100032061  |t BK  |y 0 
852 |a INST  |b LESVOS  |e 20110329  |h 069.5 SER  |p 005100049216  |q 005100049216  |t BK  |y 0 
852 |a INST  |b LESVOS  |e 20110329  |h 069.5 SER  |p 005100049217  |q 005100049217  |t BK  |y 0 
852 |a INST  |b LESVOS  |e 20110329  |h 069.5 SER  |p 005100049218  |q 005100049218  |t BK  |y 0 
852 |a INST  |b LESVOS  |e 20110329  |h 069.5 SER  |p 005100049219  |q 005100049219  |t BK  |y 0 
901 |a BIBL1-2005-2 
901 |a BIBL1-2011-1 
920 |a Εύδοξος  |b Παραγγελία  |y Σύρος-ΤΜΣΠΣ  |z 2022-05 
970 |a ΚΑΡΑ  |b ΓΙΑΣΕΜΗ  |z 2005/07/11